| 000 | 00520cam a2200193ua 4500 | ||
|---|---|---|---|
| 020 |
_a81 7544 031 7 _c600.00 |
||
| 041 |
_aeng _h |
||
| 082 |
_a621.3 _bKHA/HA |
||
| 100 | _aKhanna, V K . | ||
| 245 |
_aHand book of electrical and electronics engineering fundamentals / _cV K Khanna. _hTextual Documents |
||
| 250 |
_a1 / _b. |
||
| 260 |
_aAllahabad : _bWheeler publishing , _c1997. |
||
| 300 | _a703 ; . | ||
| 365 | _a600.00 | ||
| 500 | _a20115 Ref | ||
| 504 | _a | ||
| 942 | _cBK | ||
| 999 |
_c9994 _d9994 |
||